000 00724nam a2200265 i 4500
001 C2-0123632
003 PPAK
005 20180727114516.0
008 970902s1988 enka|||| ||||| | eng d
020 _a0631900365
040 _aPPAK
_beng
_cPPAK
_erda
082 0 4 _a823
_223
090 0 0 _a823
_bBRA
_dK
100 1 _aBrandling, Redvers,
_eauthor
245 1 0 _aEarthquake !
264 1 _aOxford :
_bBasil Blackwell Ltd. ,
_c1988
300 _a23 pages :
_billustrations ;
_c23 cm
336 _2rdacontent
_atext
337 _2rdamedia
_aunmediated
338 _2rdacarrier
_avolume
490 1 _aOranges lemons series
650 1 0 _aChildren's stories, English
830 0 _aOranges lemons series
942 _ddc
_cB
999 _c36132
_d36132